Statistiques concernant La réponse commence par bé

Cliquez ici pour prendre le quiz!

Statistiques générales

  • Ce quiz a été pris 237 fois
  • Le résultat moyen est 9 sur 15

Statistiques - réponses

HintRéponse% Correct
Animal pourvu de cornesBélier
90%
Frontalier du TogoBénin
89%
ChapeauBéret
87%
Pays d'Amérique latineBélize
85%
Prend le biberonBébé
81%
Sert à construire les fondationsBéton
76%
Mammifère marinBéluga
62%
Ré dièse ou...Bémol
62%
Nécessaire aux associationsBénévole
55%
Animaux d'élevageBétail
55%
Souvent acquise après une fractureBéquille
45%
Erreur Bévue
42%
Apprécié par les dieuxBéni
34%
Condiment à l'estragonBéarnaise
24%
Plante tropicaleBégonia
13%

Distribution des résultats

Percentile par nombre de réponses

% des personnes avec chaque résultat

Votre développement - résultats

Vous n’avez pas pris ce quiz